Handbook of welded steel tubing
Guardado en:
| Formato: | Libro |
|---|---|
| Publicado: |
Cleveland, Ohio : Formed Steel Institute
|
| Etiquetas: |
Agregar Etiqueta
Sin Etiquetas, Sea el primero en etiquetar este registro!
|
MARC
| LEADER | 00000nam a2200000Ia 4500 | ||
|---|---|---|---|
| 003 | 000790 | ||
| 005 | 20221231144005.0 | ||
| 008 | 140114s1948 0hua 000 ||e d | ||
| 040 | |c cru CEDI | ||
| 050 | |a 671.520.42 H236h | ||
| 245 | |a Handbook of welded steel tubing | ||
| 260 | |a Cleveland, Ohio : Formed Steel Institute | ||
| 300 | |a 214 páginas ; ilustraciones | ||
| 942 | |2 ddc |c BK | ||
| 999 | |c 15264 |d 15264 | ||
